[Event "Oberfranken-ch U14 1213"]
[Site "Schney"]
[Date "2013.01.03"]
[Round "7"]
[White "Achtmann, Alexander"]
[Black "Ondrej, Christoph"]
[Result "1-0"]
[WhiteElo "779"]
[BlackElo "819"]
[PlyCount "97"]
[EventDate "2013.01.03"]
[EventType "swiss"]
[EventRounds "7"]
[EventCountry "GER"]
[SourceTitle "EXT 2015"]
[Source "ChessBase"]
[SourceDate "2014.11.20"]
[SourceVersion "1"]
[SourceVersionDate "2014.11.20"]
[SourceQuality "1"]

1. e4 e5 2. Nf3 Nc6 3. d3 Nf6 4. b3 Bc5 5. Be2 d6 6. Bb2 0-0 7. Nbd2 Ng4 8. 0-0 b6 9. h3 Nf6 10. Nc4 Bb7 11. c3 b5 12. Ne3 b4 13. c4 a5 14. d4 Nxd4 15. Nxd4 exd4 16. Bxd4 Bxd4 17. Qxd4 c5 18. Qd2 Nh5 19. Bxh5 g6 20. Bf3 Qe8 21. e5 Rb8 22. Bxb7 Rxb7 23. exd6 Ra7 24. Rfe1 Rd7 25. Qb2 Rxd6 26. Nf5 Rd2 27. Qxd2 Qc8 28. Ne7+ Kh8 29. Nxc8 Rxc8 30. Rad1 Rf8 31. a3 bxa3 32. Qxa5 Kg7 33. Qxa3 Kg8 34. Qxc5 Kg7 35. Qxf8+ Kxf8 36. Rd8+ Kg7 37. c5 Kh6 38. c6 Kg7 39. Rd6 Kg8 40. c7 h5 41. c8Q+ Kg7 42. g4 hxg4 43. hxg4 Kh6 44. Rxg6+ Kxg6 45. Qg8+ Kh6 46. g5+ Kh5 47. Qxf7+ Kh4 48. Re4+ Kh3 49. Qf3# 1-0